Vivir con la droga: experiencia de intervención sobre pobreza, droga y sida.
Guardat en:
| Autor principal: | |
|---|---|
| Format: | Llibre |
| Idioma: | espanyol |
| Publicat: |
Madrid, España
Pirámide
1996
|
| Col·lecció: | Colección Psicología
|
| Matèries: | |
| Etiquetes: |
Afegir etiqueta
Sense etiquetes, Sigues el primer a etiquetar aquest registre!
|
MARC
| LEADER | 00000nam a2200000 a 4500 | ||
|---|---|---|---|
| 001 | UCO3907 | ||
| 003 | CL-VaPUC | ||
| 005 | 20240930160402.0 | ||
| 008 | 000728e19960000SP |||||||||||||||||spa|d | ||
| 999 | |c 290024 |d 290022 | ||
| 040 | |c Pontificia Universidad Católica de Valparaíso | ||
| 082 | 0 | 4 | |a 362.29 VAL 1996 |2 21 |
| 100 | 0 | |a Valverde Molina, Jesús |9 447943 | |
| 245 | 1 | 0 | |a Vivir con la droga: experiencia de intervención sobre pobreza, droga y sida. |
| 260 | 0 | 3 | |a Madrid, España |b Pirámide |c 1996 |
| 300 | |a 229 páginas. | ||
| 490 | 0 | |a Colección Psicología | |
| 583 | |a last modification |c 20000728 00:00:00 |k Rodrigo Vera | ||
| 650 | 0 | |a Drogadicción |9 331967 | |
| 650 | 0 | |a Abuso de drogas |9 254876 | |
| 650 | 0 | |a SIDA (Síndrome de Inmunodeficiencia Adquirida) |9 256118 | |
| 650 | 0 | |a Drogas |9 254877 | |
| 650 | 0 | |a Pobreza |9 258652 | |
| 650 | 7 | |a NARCOTICOS |2 CL-VaPUC |9 307602 | |
| 650 | 0 | |a Problemas sociales |9 258537 | |
| 942 | |c BK |2 ddc | ||
| 945 | |d 20000728 00:00:00 |a rbrito | ||
| 952 | |0 0 |1 0 |2 ddc |4 0 |6 362_290000000000000_VAL_1996 |7 0 |8 A |9 339135 |a BIBEDU |b BIBEDU |c ES_NOD |d 2019-11-20 |i 3630714 |o 362.29 VAL 1996 |p 3630714 |r 2023-08-09 |t 1 |w 2019-11-20 |y BK |k PSI | ||